[Event "SCCA Promotional Open Tournament"]
[Site "SchemingMind.com"]
[Date "2008.02.14"]
[Round "-"]
[White "smothered mate"]
[Black "jlowrey"]
[Result "1-0"]
[WhiteCountry "POL"]
[BlackCountry "USA"]
[WhiteElo "1938"]
[WhiteRD "52"]
[BlackElo "1625"]
[BlackRD "77"]
[GameID "141700"]

1. e4 c5 2. c3 e6 3. d4 cxd4 4. cxd4 Nf6 5. Nc3 Bb4 6. Bd3 Nc6 7. Ne2 O-O 8. O-O a6 9. e5 Ne8 10. a3 Ba5
11. b4 Bb6 12. Bc2 f6 13. Qd3 f5 14. Bf4 d6 15. Rfd1 d5 16. Qh3 Ne7 17. Bg5 Qc7 18. Nf4 Nc6 19. Ncxd5
1-0

[Event "SCCA Promotional Open Tournament"]
[Site "SchemingMind.com"]
[Date "2008.02.13"]
[Round "-"]
[White "Joe Daudish"]
[Black "jlowrey"]
[Result "1-0"]
[WhiteCountry "USA"]
[BlackCountry "USA"]
[WhiteElo "1780"]
[WhiteRD "46"]
[BlackElo "1625"]
[BlackRD "77"]
[GameID "141701"]

1. d4 Nf6 2. Nf3 g6 3. Bf4 d6 4. h3 Bg7 5. e3 O-O 6. c3 Nbd7 7. Bc4 b6 8. Nbd2 Bb7 9. O-O c6 10. Re1 c5
11. Qc2 Nh5 12. Bh2 a6 13. a4 e5 14. dxe5 dxe5 15. Red1 Qe7 16. Ne4 Kh8 17. Be2 Bxe4 18. Qxe4 f5 19. Qc2 e4 20. Nd2 Nhf6
21. Nc4 b5 22. axb5
1-0

[Event "SCCA Promotional Open Tournament"]
[Site "SchemingMind.com"]
[Date "2008.02.14"]
[Round "-"]
[White "kryspin11"]
[Black "faulty"]
[Result "1-0"]
[WhiteCountry "POL"]
[BlackCountry "USA"]
[WhiteElo "2289"]
[WhiteRD "79"]
[BlackElo "1889"]
[BlackRD "74"]
[GameID "141792"]

1. c4 f5 2. Nf3 Nf6 3. g3 e6 4. Bg2 Be7 5. d4 O-O 6. O-O d5 7. b3 c6 8. Ba3 Na6 9. Bxe7 Qxe7 10. Nc3 Nc7
11. Qd2 Ne4 12. Nxe4 fxe4 13. Ne5 Bd7 14. f3 exf3 15. exf3 Ne8 16. Rae1 g6 17. c5 b5 18. Qa5 Qd8 19. Qd2 Ng7 20. g4 Qc7
21. Qg5 Qd8 22. Qh6 Qc7 23. f4 Rf6 24. Re3 Raf8 25. Rh3
1-0

[Event "SCCA Promotional Open Tournament"]
[Site "SchemingMind.com"]
[Date "2008.02.14"]
[Round "-"]
[White "kryspin11"]
[Black "TONYTODD11"]
[Result "1-0"]
[WhiteCountry "POL"]
[BlackCountry "ENG"]
[WhiteElo "2289"]
[WhiteRD "79"]
[BlackElo "1588"]
[BlackRD "76"]
[GameID "141793"]

1. Nf3 d5 2. d4 Nc6 3. c4 Nf6 4. Nc3 e6 5. a3 dxc4 6. e4 Ne7 7. Bxc4 Ng6 8. O-O b6 9. Qc2 Be7 10. e5 Nh5
11. Qe4 Rb8 12. Qg4 Nf6 13. exf6 Bxf6 14. Ne4 O-O 15. Nxf6+ Qxf6 16. Bg5 e5 17. Qg3 Qf5 18. Nxe5 Nxe5 19. dxe5 Re8 20. f4 h6
21. Bxh6 g6 22. Qh4 b5 23. Be2 Bb7 24. Bg5 Qe4 25. Rf2 c5 26. Bf6
1-0

[Event "SCCA Promotional Open Tournament"]
[Site "SchemingMind.com"]
[Date "2008.02.14"]
[Round "-"]
[White "kryspin11"]
[Black "jlowrey"]
[Result "1-0"]
[WhiteCountry "POL"]
[BlackCountry "USA"]
[WhiteElo "2271"]
[WhiteRD "82"]
[BlackElo "1625"]
[BlackRD "77"]
[GameID "141794"]

1. c4 g6 2. d4 Nf6 3. Nc3 Bg7 4. e4 O-O 5. Nf3 c6 6. Bd3 d6 7. O-O Bg4 8. h3 Bxf3 9. Qxf3 Na6 10. Qd1 Nc7
11. Be3 b6 12. Be2 Qd7 13. e5 dxe5 14. dxe5 Qxd1 15. Raxd1
1-0

[Event "SCCA Promotional Open Tournament"]
[Site "SchemingMind.com"]
[Date "2008.02.14"]
[Round "-"]
[White "kryspin11"]
[Black "strokem1"]
[Result "1-0"]
[WhiteCountry "POL"]
[BlackCountry "USA"]
[WhiteElo "2235"]
[WhiteRD "83"]
[BlackElo "1492"]
[BlackRD "84"]
[GameID "141795"]

1. Nf3 Nc6 2. d4 d6 3. e4 Bg4 4. d5 Ne5 5. Be2 Qd7 6. Nxe5 dxe5 7. Bxg4 e6 8. Bh3 Bd6 9. Qg4 g6 10. O-O Nf6
11. Qf3 O-O 12. Qxf6
1-0

[Event "SCCA Promotional Open Tournament"]
[Site "SchemingMind.com"]
[Date "2008.02.16"]
[Round "-"]
[White "kryspin11"]
[Black "jp781"]
[Result "1-0"]
[WhiteCountry "POL"]
[BlackCountry "USA"]
[WhiteElo "2300"]
[WhiteRD "82"]
[BlackElo "1984"]
[BlackRD "83"]
[GameID "141796"]

1. c4 Nf6 2. d4 g6 3. Nc3 Bg7 4. e4 d6 5. Nf3 O-O 6. Be2 e5 7. O-O Nc6 8. d5 Ne7 9. b4 Nh5 10. Re1 Nf4
11. Bf1 f5 12. Bxf4 exf4 13. e5 c6 14. exd6 Qxd6 15. c5 Qf6 16. d6 Qxc3 17. Rc1 Qf6 18. dxe7 Re8 19. Qb3+ Kh8 20. Rcd1 Rxe7
21. Rd8+ Bf8 22. Rxe7 Qxe7 23. Qc3+ Kg8 24. Bc4+ Be6 25. Rxa8 b6 26. Rxf8+ Kxf8 27. Qh8+ Kf7 28. Ne5#
1-0

[Event "SCCA Promotional Open Tournament"]
[Site "SchemingMind.com"]
[Date "2008.02.17"]
[Round "-"]
[White "kryspin11"]
[Black "badbishop"]
[Result "1/2-1/2"]
[WhiteCountry "POL"]
[BlackCountry "POL"]
[WhiteElo "2291"]
[WhiteRD "80"]
[BlackElo "2271"]
[BlackRD "65"]
[GameID "141797"]

1. Nf3 g6 2. d4 Bg7 3. e4 d6 4. Nc3 a6 5. Be3 b5 6. Bd3 Bb7 7. O-O Nd7 8. a4 b4 9. Ne2 Ngf6 10. Ng3 O-O
11. h3 c5 12. c3 bxc3 13. bxc3 Qa5 14. Qc2 Rfc8 15. d5 h5 16. Rfb1 Rab8 17. Nf1 c4 18. Be2 Bxd5 19. Rxb8 Nxb8 20. exd5 Nxd5
21. Bd4 e5 22. Be3 Nxc3 23. Bd1 Nxd1 24. Rxd1 d5 25. Qb2 d4 26. Nxd4 exd4 27. Bxd4 Qxa4 28. Rc1 Bxd4 29. Qxd4 Qd7 30. Rxc4 Qxd4
31. Rxd4 Nc6 32. Rc4 Kf8 33. g4 hxg4 34. hxg4 Ke7 35. Ne3 Kd6 36. Rc1 Rb8 37. Ra1 Ra8 38. Nc4+ Kc7 39. Kg2 a5 40. Ra3 Ra6
41. Kf3 Kd7 42. g5 Ke6 43. Ke4 Ra7 44. f4 f5+ 45. gxf6 Kxf6 46. Kf3 Ra6= 47. Kg4 a4=
1/2-1/2

[Event "SCCA Promotional Open Tournament"]
[Site "SchemingMind.com"]
[Date "2008.02.14"]
[Round "-"]
[White "kryspin11"]
[Black "smothered mate"]
[Result "1-0"]
[WhiteCountry "POL"]
[BlackCountry "POL"]
[WhiteElo "2289"]
[WhiteRD "79"]
[BlackElo "1964"]
[BlackRD "53"]
[GameID "141799"]

1. Nf3 d6 2. c4 e5 3. Nc3 f5 4. d4 Nd7 5. e4 g6 6. exf5 gxf5 7. dxe5 dxe5 8. Ng5 Ngf6 9. Ne6 Qe7 10. Nxc7+ Kf7
11. Nxa8 Nc5 12. Be2 Be6 13. b4 Nce4 14. Nxe4 Nxe4 15. O-O Bg7 16. Bh5+ Kf6 17. f3 Nd6 18. f4 Nxc4 19. fxe5+ Nxe5 20. Qd4 Rd8
21. Qh4#
1-0

[Event "SCCA Promotional Open Tournament"]
[Site "SchemingMind.com"]
[Date "2008.02.14"]
[Round "-"]
[White "kryspin11"]
[Black "Joe Daudish"]
[Result "1-0"]
[WhiteCountry "POL"]
[BlackCountry "USA"]
[WhiteElo "2289"]
[WhiteRD "79"]
[BlackElo "1757"]
[BlackRD "53"]
[GameID "141800"]

1. c4 e6 2. d4 d5 3. Nc3 Nf6 4. Nf3 Be7 5. Bg5 h6 6. Bh4 Bd7 7. Bxf6 Bxf6 8. cxd5 exd5 9. Nxd5 O-O 10. Rc1 c6
11. Nxf6+ Qxf6 12. e3 Be6 13. Bd3 Bxa2 14. b3 c5 15. Qc2 Bxb3 16. Qxb3 cxd4 17. Nxd4 Nc6 18. Nxc6 bxc6 19. O-O
1-0

[Event "SCCA Promotional Open Tournament"]
[Site "SchemingMind.com"]
[Date "2008.02.14"]
[Round "-"]
[White "faulty"]
[Black "kryspin11"]
[Result "0-1"]
[WhiteCountry "USA"]
[BlackCountry "POL"]
[WhiteElo "1889"]
[WhiteRD "74"]
[BlackElo "2289"]
[BlackRD "79"]
[GameID "141801"]

1. e4 c5 2. Nf3 Nc6 3. d4 cxd4 4. Nxd4 e6 5. c4 Nf6 6. f3 Qb6 7. Nc2 Be7 8. Nc3 O-O 9. Rb1 d5 10. cxd5 exd5
11. Nxd5 Nxd5 12. exd5 Nb4 13. a3 Re8 14. Be2 Nxc2+ 15. Qxc2 Bd7 16. Kf1 Bh4 17. Bd3 Re1#
0-1

[Event "SCCA Promotional Open Tournament"]
[Site "SchemingMind.com"]
[Date "2008.02.14"]
[Round "-"]
[White "TONYTODD11"]
[Black "kryspin11"]
[Result "0-1"]
[WhiteCountry "ENG"]
[BlackCountry "POL"]
[WhiteElo "1588"]
[WhiteRD "76"]
[BlackElo "2289"]
[BlackRD "79"]
[GameID "141802"]

1. e4 c5 2. d4 cxd4 3. c3 dxc3 4. Nxc3 e6 5. Be3 Nc6 6. Bd3 Nf6 7. Nf3 Be7 8. O-O O-O 9. Qe2 Ng4 10. Rac1 Nxe3
11. Qxe3 Qb6 12. Qxb6 axb6 13. Rfd1 Rd8 14. Re1 d6 15. Bc4 Bd7 16. Nb5 Ne5 17. Nc7 Nxf3+ 18. gxf3 Rac8 19. Bd3 Bg5 20. Rc3 Bd2
21. Rc4 Bxe1 22. b4 Bd2 23. Bc2 b5 24. Rd4 Bc3 25. Rxd6 Rxc7 26. Rd3 Bxb4
0-1

[Event "SCCA Promotional Open Tournament"]
[Site "SchemingMind.com"]
[Date "2008.02.14"]
[Round "-"]
[White "strokem1"]
[Black "kryspin11"]
[Result "0-1"]
[WhiteCountry "USA"]
[BlackCountry "POL"]
[WhiteElo "1600"]
[WhiteRD "80"]
[BlackElo "2289"]
[BlackRD "79"]
[GameID "141804"]

1. e4 d6 2. Nf3 g6 3. d4 Bg7 4. Bf4 Nf6 5. Nc3 O-O 6. Bd3 Nc6 7. d5 Nb4 8. Bb5 c6 9. dxc6 Qa5 10. cxb7 Bxb7
11. a4 Nxe4 12. Nxe4 Nd3+ 13. Kf1 Nxf4 14. Neg5 a6 15. Bd7 Bxb2 16. Rb1 Rab8 17. g3 Ne6 18. Bxe6 fxe6 19. Nxe6 Bxf3 20. Qd3 Bxh1
21. c4 Rf3 22. Qe2 Rbb3 23. Rxb2 Rfc3 24. Qd2 Qxa4 25. f3 Qa1+ 26. Kf2 Rxb2
0-1

[Event "SCCA Promotional Open Tournament"]
[Site "SchemingMind.com"]
[Date "2008.02.14"]
[Round "-"]
[White "jp781"]
[Black "kryspin11"]
[Result "0-1"]
[WhiteCountry "USA"]
[BlackCountry "POL"]
[WhiteElo "1941"]
[WhiteRD "82"]
[BlackElo "2291"]
[BlackRD "80"]
[GameID "141805"]

1. d4 Nf6 2. c4 g6 3. Nc3 Bg7 4. e4 d6 5. Be2 O-O 6. Bg5 h6 7. Be3 e5 8. d5 c5 9. Qd2 Kh7 10. O-O-O Ng4
11. Bxg4 Bxg4 12. f3 Bd7 13. g4 a6 14. h4 b5 15. Bxh6 Bxh6 16. g5 Bg7 17. h5 gxh5 18. Rxh5+ Kg8 19. Qh2 b4 20. Nge2 Re8
21. Rh1 Kf8 22. Rh8+ Ke7 23. Rh7 Rg8 24. Qh4 bxc3 25. g6+ f6 26. Rxg7+ Rxg7 27. b3 Qe8 28. Qh7 Qg8 29. Qxg8 Rxg8 30. Rh7+ Kd8
31. Rh6 Be8 32. g7 Nd7 33. Ng3 Rxg7 34. Nf5 Rg2 35. a4 Rb8 36. Nxd6 Rxb3 37. Rh8 c2 38. Rxe8+ Kc7 39. Rc8+ Kxd6 40. Rc6+ Ke7
41. Rxa6 Rb1#
0-1

[Event "SCCA Promotional Open Tournament"]
[Site "SchemingMind.com"]
[Date "2008.02.17"]
[Round "-"]
[White "badbishop"]
[Black "kryspin11"]
[Result "1/2-1/2"]
[WhiteCountry "POL"]
[BlackCountry "POL"]
[WhiteElo "2271"]
[WhiteRD "65"]
[BlackElo "2291"]
[BlackRD "80"]
[GameID "141806"]

1. e4 c5 2. Nf3 Nc6 3. Bb5 g6 4. Bxc6 dxc6 5. d3 Bg7 6. h3 e5 7. Be3 Qe7 8. Qd2 Nf6 9. Nc3 O-O 10. Bh6 a5
11. a4 Bxh6 12. Qxh6 Nh5 13. Ne2 f6 14. O-O Be6 15. b3 b6 16. Nd2 Qg7 17. Qxg7+ Nxg7 18. f4 exf4 19. Nxf4 Bf7 20. Nc4 Bxc4
21. bxc4 f5 22. Rab1 Rab8 23. exf5 Rxf5 24. h4 Rf6 25. g3 h6 26. Kg2 Nf5 27. Rf3 Nd4 28. Re3 Nxc2 29. Re7 Nb4 30. Rbe1 Nc2
31. R1e6 Rxe6 32. Nxe6 b5 33. cxb5 cxb5 34. Nxc5 b4 35. Nb3 Rd8 36. Nxa5 Rxd3 37. Rb7 Ra3 38. Nc6 Rxa4 39. Kh3 h5 40. Kg2 Ra3
41. Nxb4 Nd4 42. Nd5=
1/2-1/2

[Event "SCCA Promotional Open Tournament"]
[Site "SchemingMind.com"]
[Date "2008.02.14"]
[Round "-"]
[White "smothered mate"]
[Black "kryspin11"]
[Result "0-1"]
[WhiteCountry "POL"]
[BlackCountry "POL"]
[WhiteElo "1947"]
[WhiteRD "57"]
[BlackElo "2235"]
[BlackRD "83"]
[GameID "141808"]

1. e4 c5 2. c3 Nc6 3. d4 cxd4 4. cxd4 d5 5. exd5 Nb8 6. Nc3 Nf6 7. Bf4 Nxd5 8. Bxb8 Rxb8 9. Bc4 Nxc3 10. bxc3 e6
11. Qa4+ Bd7 12. Qxa7 Qc8 13. Nf3 Ra8 14. Qb6 Qxc4
0-1

[Event "SCCA Promotional Open Tournament"]
[Site "SchemingMind.com"]
[Date "2008.02.14"]
[Round "-"]
[White "Joe Daudish"]
[Black "kryspin11"]
[Result "0-1"]
[WhiteCountry "USA"]
[BlackCountry "POL"]
[WhiteElo "1757"]
[WhiteRD "53"]
[BlackElo "2289"]
[BlackRD "79"]
[GameID "141809"]

1. d4 Nf6 2. Nf3 d5 3. Bf4 c5 4. e3 Nc6 5. h3 cxd4 6. exd4 Bf5 7. c3 e6 8. Bd3 Ne4 9. O-O Bd6 10. Bxd6 Nxd6
11. Bxf5 Nxf5 12. Nbd2 O-O 13. Re1 b6 14. Ne5 Nxe5 15. Rxe5 Rc8 16. Nf3 Re8 17. Qc2 b5 18. a3 Qb6 19. Qd3 a5 20. Ng5 f6
21. g4 fxe5 22. gxf5 e4 23. Qg3 exf5 24. h4 b4 25. axb4 axb4 26. Kh2 bxc3 27. bxc3 Qb2 28. Ra7 Rxc3 29. Qg2 Qb8+
0-1